| 000 | 00669nam a2200205 a 4500 | ||
|---|---|---|---|
| 008 | 120416s1977 ||||||||||||||||| || u | ||
| 020 | _a0045810133 | ||
| 050 | _aQK 901 Col | ||
| 100 | _aCollinson, A. S | ||
| 245 | 1 | 0 | _aIntroduction to world vegitation |
| 246 | _aVegetation. | ||
| 260 |
_aLondon _bGeorge Allen & Unwin _c1977 |
||
| 300 | _a201p. : ill. | ||
| 350 | _a0.00 | ||
| 500 | _aIncludes bibliographies and indexes. | ||
| 650 | 0 | _aPLANT ECOLOGY | |
| 650 | _aPLANTS | ||
| 650 | _aPhytogeography | ||
| 995 |
_D0.00 _FCBU-MAIN LIBRARY (Kitwe) _H1 _I3.95 _M1 _UAVAILABLE _ZAnnex Low-Usage Collection |
||
| 999 |
_c48093 _d48093 |
||